Sanat: "Cicciolina" - Erika Vikman - Statistics

Yleistilastot
  • Tätä visaa on pelattu 208 kertaa
  • Keskiarvotulos 150 / 216
Vastaustilastot
Vastaus % Oikein
jo
99%
Cicciolina
97%
on
92%
elänyt
91%
kuin
91%
ei
90%
jos
90%
Kun
90%
vaikka
88%
luoksesi
86%
saavun
86%
Argentiina
84%
joku
84%
kaunis
84%
nunnakaavun
84%
päivä
84%
pukis
84%
se
84%
ja
83%
auta
82%
koko
81%
itkis
78%
niin
72%
mun
71%
En
70%
haittaa
69%
kii
69%
sua
69%
seppeleen
68%
musta
67%
päähän
67%
tiukasti
67%
kauniina
66%
polvilleen
66%
voi
66%
eessä
64%
meet
64%
laittaa
63%
ota
63%
sori
63%
synnyin
63%
syntiseksi
63%
rakkautta
62%
tai
62%
maailman
61%
mua
61%
nähdä
61%
halutessani
60%
mul
60%
ristiin
60%
vuoksein
60%
jalkojani
59%
nostan
59%
vaan
59%
ääneen
58%
kosketusta
58%
sanoo
58%
Turha
58%
Nautinnon
57%
pitää
57%
puolesta
57%
riittää
56%
jotain
55%
kaipaa
55%
ohi
55%
haluaa
54%
pääsee
54%
jonon
53%
kunnon
53%
mulla
53%
opettaa
53%
playboy
52%
aina
50%
kadehdittu
50%
olisin
50%
sekä
50%
olla
49%
rietas
49%
tarvii
49%
valta
49%
valuuttaa
49%
vapaa
49%
alta
48%
miehenä
48%
paidan
48%
vieras
48%
löytyy
47%
nalleani
47%
noin
47%
sitä
47%
Hyväilen
46%
peittää
46%
tilanteessa
46%
moni
45%
tääl
45%
sormuksia
44%
itselleenkin
43%
huomiosta
42%
liian
42%
sytyn
42%
unelmia
42%
kauhistelee
41%
pinkkejä
41%
joo
39%
valkoisessa
39%
kuultavan
36%
kommentoijat
35%
katseet
34%
Kaunista
34%
Ehtoja vastaavia visoja ei löytynyt
Tulosjakauma
Jokaisen tuloksen saaneiden osuus
Persentiili vastausten määrän mukaan
Tuloshistoriasi
Et ole pelannut tätä visaa